000 00507nam a2200169Ia 4500
008 090201s9999 xx 000 0 und d
010 _aKPL-9356
040 _bमराठी
041 _aमराठी
082 _a42030
_b9356
100 _aमध्ुसुदन कालेलकर
245 _aआसावरी
_cमध्ुसुदन कालेलकर
260 _c2004
_bदि.कृ.पै
300 _a98
_bमोठा
600 _aआसावरी
942 _cBOOK
999 _c239196
_d239196